Która postać nie pochodzi z tej gry? - Statystyki

Ogólne statystyki
  • Ten quiz został rozwiązany 1 253 razy
  • Średni wynik to 3 z 6
Statystyki odpowiedzi
Zagadnienie Odpowiedź % Poprawnych
Wiedźmin:III Dziki Gon Franklin
85%
League of Legends Clemont
78%
Mortal Kombat X Warg
72%
Don't Starve Together Walery
46%
Darkest Dungeon Tarczownik
32%
Pokemon Ruby (startery) Turtwig
29%
Nie znaleziono quizów pasujących do podanych kryteriów
Rozkład punktacji
Procent ludzi z każdym wynikiem
Percentyl według liczby udzielonych odpowiedzi
Twoja historia wyników
Nie rozwiązałeś tego quizu